000 03522cam a22005174i 4500
003 PE-LiUPU
005 20250731172908.0
008 130918s2013 xx a r 000 0 spa d
020 _a1588026744
020 _a9781588026743
035 _a(Sirsi) i9781588026743
040 _aPE-LiUPU
_bspa
_cPE-LiUPU
_erda
049 _aPRUA
050 _aBS651
_B.H36 2006
082 0 4 _a213
_bH21
_220
245 0 3 _aEl libro de las respuestas :
_bsobre la creación y evolución /
_cKen Ham, editor.
264 1 _aUnited States :
_bNew Leaf Pr,
_c2013.
300 _a312 páginas :
_bilustraciones ;
_c24 centímetros
336 _atext
_2rdacontent
337 _aunmediated
_2rdamedia
338 _avolume
_2rdacarrier
505 _a¿Existe realmente un Dios? -- ¿Por qué no deben los cristianos aceptar los millones de años? -- ¿No pudo Dios haber usado la evolución? -- ¿Los creacionistas niegan las leyes naturales? -- ¿Qué hay teorías de la brecha y la ruina y reconstrucción? -- La esposa de Caín ¿quién era? -- El método de fijar fechas con carbono 14 ¿quita credibilidad a la Biblia? -- puede de veras Dios haberlo creado todo en seis días? -- La datación radiométrica ¿demuestra que la tierra tiene millones de años? -- ¿Existió de veras el arca de Noé? ¿hubo un diluvio? -- ¿Cómo llegaron a dispersarse los animales por el mundo desde el lugar en que reposó el arca? -- ¿Qué les sucedió en realidad a los dinosaurios? -- ¿Por qué no se encuentran fósiles humanos y de dinosaurios juntos? -- ¿pueden las catástrofes de las placas tectónicas explicar la geología del Diluvio? -- Los creacionistas ¿no creen en cosas locas? -- ¿Dónde encaja la Hera de Hielo? -- ¿En verdad hay diferentes razas? -- ¿Existen los extraterrestres y los ovnis? -- Los años luz ¿son prueba de la antigüedad del universo? -- ¿Dijo literalmente, Jesús que lo creo todo en 6 días? -- ¿Cuál es el origen de las estructuras de defensa y ataque? -- ¿la selección natural ¿es lo mismo que la evolución? -- ¿No se ha demostrado que la evolución es verdad? -- Los dinosaurios ¿se convierten en pájaros? -- La arqueología ¿respalda la Biblia? -- ¿por qué la creación de Dios incluye la muerte y el sufrimiento? -- ¿Cómo puede usar esta información para dar testimonio? -- ¿Cómo podemos usar a los dinosaurios para difundir el mensaje de la creación y el evangelio?
526 _aSEG42
526 _aSEG41
526 _aSEG40
526 _aSEG39
526 _aP94
526 _aP87
526 _aP86
526 _aP85
526 _aP77
526 _aP76
526 _aP35
650 0 4 _aEvolución
_xAspectos religiosos
_xCristianismo.
700 1 _aHam, Ken,
_eeditor.
910 _alclll
_bjck
_clcll
_d20170220
910 _adbm
_bjpc
_cjpc
_d20181204
942 _2ddc
_cBOOK
949 _a231.765 L5
_wLC
_c1
_iCW00188
_mBUL
_p17.00
_r1
_sY
_tBOOK
_u2017-02-20
_xWHITE
_zUNKNOWN
_0COMPRA
_o.STAFF. Centro White
994 _aC0
_bPEPRUE
596 _a1 4
999 _a213 H21 V1 2006
_wLC
_c15839
_iCW00188
_f2021-12-22
_g2
_lCCODECWL1
_mBWL
_p17.00
_r1
_sY
_tBOOK
_u2017-2-20
_xWHITE
_zUNKNOWN
_0COMPRA
_o.STAFF. Centro White
_d15839
999 _a213 H21
_wDEWEY
_c1
_i79075
_d2022-6-13
_e2019-9-17
_f2021-11-9
_g4
_lCCODEBUL1
_mBUL
_n10
_p12.32
_q4
_r0
_sY
_tBOOK
_u2018-12-4
_xTEOLOGIA
_PP85
_0COMPRA
_1FCOMPR2
_o.STAFF. Colección Teología
980 _81
_gALBERTO SANCHEZ Responsable de Automatización